000 00279nam a22001337a 4500
003 SGT
020 _a978-93-5702-068-8
082 _a954
_bKAN
100 _aKANT, AMITABH
245 _aMADE IN INDIA
260 _aINDIA
_bRUPA PUB.
_c2023
300 _a224
942 _2ddc
_cBK
_01
999 _c26231
_d26231